00415nam a2200157Ia 45000010006000000050017000060080041000230410008000640820015000721000038000872450079001252600009002043000028002136500008002416540008002491907120260306171717.0260306s9999||||xx |||||||||||||| ||und|| aESP a658.8bH44 aHernández Maestro, Rosa M.eAUT 0aEjercicios de marketing:bherramientas eficaces para la toma de decisiones c2016 a187 páginas :c24 cm. aGEN aCAN